Programmers Guide to Java SCJP Certification (Record no. 4188)
[ view plain ]
| 000 -LEADER | |
|---|---|
| fixed length control field | 00323nam a2200133Ia 4500 |
| 008 - FIXED-LENGTH DATA ELEMENTS--GENERAL INFORMATION | |
| fixed length control field | 191201s2011 xx 000 0 und d |
| 100 ## - MAIN ENTRY--PERSONAL NAME | |
| Personal name | MUGHAL,Khalid A |
| 245 #0 - TITLE STATEMENT | |
| Title | Programmers Guide to Java SCJP Certification |
| 250 ## - EDITION STATEMENT | |
| Edition statement | IMP |
| 260 ## - PUBLICATION, DISTRIBUTION, ETC. (IMPRINT) | |
| Place of publication, distribution, etc | N.Delhi |
| Name of publisher, distributor, etc | Pearson |
| Date of publication, distribution, etc | 2011 |
| 300 ## - PHYSICAL DESCRIPTION | |
| Extent | 1039 |
| 650 ## - SUBJECT ADDED ENTRY--TOPICAL TERM | |
| Topical term or geographic name as entry element | MCA |
| 942 ## - ADDED ENTRY ELEMENTS (KOHA) | |
| Source of classification or shelving scheme | Dewey Decimal Classification |
| Koha item type | Text Books |
| Withdrawn status | Lost status | Source of classification or shelving scheme | Damaged status | Not for loan | Collection code | Home library | Current library | Date acquired | Source of acquisition | Cost, normal purchase price | Bill Number | Total Checkouts | Full call number | Acc. no. / Barcode | Date last seen | Bill Date | Koha item type | Date last borrowed |
|---|---|---|---|---|---|---|---|---|---|---|---|---|---|---|---|---|---|---|
| Dewey Decimal Classification | MCA | PIET C-LIBRARY | PIET C-LIBRARY | 23/11/2009 | J B C, New Delhi | 499.00 | SI-3710 | 005.133 MUP | 13866 | 04/12/2019 | 14/11/2009 | Text Books | ||||||
| Dewey Decimal Classification | MCA | PIET C-LIBRARY | PIET C-LIBRARY | 23/11/2009 | J B C, New Delhi | 499.00 | SI-3710 | 1 | 005.133 MUP | 13867 | 29/11/2021 | 14/11/2009 | Text Books | 17/11/2021 | ||||
| Dewey Decimal Classification | Computer Science & Engineering in Cyber Security | PIET C-LIBRARY | PIET C-LIBRARY | 23/11/2009 | J B C, New Delhi | 499.00 | SI-3710 | 005.133 MUP | 13868 | 04/12/2019 | 14/11/2009 | Text Books | ||||||
| Dewey Decimal Classification | Computer Science & Engineering in Cyber Security | PIET C-LIBRARY | PIET C-LIBRARY | 23/11/2009 | J B C, New Delhi | 499.00 | SI-3710 | 005.133 MUP | 13869 | 04/12/2019 | 14/11/2009 | Text Books | ||||||
| Dewey Decimal Classification | Computer Science & Engineering in Cyber Security | PIET C-LIBRARY | PIET C-LIBRARY | 23/11/2009 | J B C, New Delhi | 499.00 | SI-3710 | 005.133 MUP | 13870 | 04/12/2019 | 14/11/2009 | Text Books |